000 00647nam a2200265Ia 4500
005 20260121114438.0
008 008 260114s9999 xx 000 0 eng d
020 _a9789354641138
037 _aEBOOK
040 _aCRL
040 _beng
040 _cCRL
041 _2eng
041 _aeng
084 _qCRL
100 _aBelvedere
_9975181
245 0 _aSustainable Operations and Supply Chain Management
260 _bWiley
260 _c2021
650 _aOperations Management
_9975182
856 _uhttps://ebooks.wileyindia.com/product-details/285536
942 _cEBOOK
999 _c1554205
_d1554205